000
00318nam a22001337a 4500
008
170204b xxu||||| |||| 00| 0 eng d
020
_a
0910701725
041
_a
eng
080
_2
2ND
_a
61
100
_a
3
101
_a
SHM
245
_a
EVALUATION AND DECISION MAKING FOR HEALTH SERVICES
_c
VENEY, J.E
942
_2
udc
_c
BK
999
_c
4589
_d
4589